000
00257nam a2200097Ia 4500
001
1211979
005
20250827024446.0
008
250824s9999 xx 000 0 und d
245
0
_a
GERÇEKTEN BENİ DUYUYOR MUSUN
_c
LEYLA NAVARO
260
_b
REMZİ KİTABEVİ
999
_c
1211979
_d
1211979